[Event "DVM U20 2012"]
[Site "Osnabrück GER"]
[Date "2012.12.30"]
[Round "7"]
[White "Spielberger, Moritz"]
[Black "Bashylin, Seva"]
[Result "0-1"]
[Termination "normal"]
[Board "4.6"]
[WhiteElo "1521"]
[BlackElo "1684"]
[WhiteTeam "Sfr. Heidesheim"]
[BlackTeam "SG Solingen"]
[WhiteFideId "12925950"]
[BlackFideId "24688045"]
[EventCountry "GER"]
[EventRounds "7"]
[EventType "team-swiss"]
[EventDate "2012.12.26"]

1. e4 e5 2. Nf3 d6 3. Bc4 Be7 4. d3 Nf6 5. Bb3 O-O 6. c3 Nc6 7. Nbd2 Kh8 8. Ng5
Qe8 9. Qf3 h6 10. h4 Na5 11. Bc2 Ng4 12. b4 Nc6 13. Bb3 f5 14. Ne6 Rf6 15. Nxc7
Qd8 16. Nxa8 fxe4 17. Qxe4 Nxf2 18. Qc4 Nxh1 19. Ne4 Rg6 20. Kf1 Be6 21. Qb5
Bxb3 22. axb3 Qxa8 23. Kg1 Ng3 24. Nxg3 Rxg3 25. Qd5 Qf8 26. b5 Nd8 27. Rxa7
Qf5 28. Ba3 Rxd3 29. Qc4 e4 30. Bc1 0-1

[Event "DVM U20 2012"]
[Site "Osnabrück GER"]
[Date "2012.12.30"]
[Round "7"]
[White "Wöllermann, Jan"]
[Black "Strathoff, Jens"]
[Result "1/2-1/2"]
[Termination "normal"]
[Board "5.1"]
[WhiteElo "2166"]
[BlackElo "2112"]
[WhiteTeam "Hagener SV"]
[BlackTeam "Schachfreunde Brackel 1930"]
[WhiteFideId "24661155"]
[BlackFideId "4699084"]
[EventCountry "GER"]
[EventRounds "7"]
[EventType "team-swiss"]
[EventDate "2012.12.26"]

1. d4 d5 2. c4 c6 3. Nf3 Nf6 4. Qc2 g6 5. Bf4 Bg7 6. e3 Bf5 7. Qb3 Qb6 8. c5
Qxb3 9. axb3 Bxb1 10. Rxb1 Nbd7 11. Bd3 Rc8 12. b4 a6 13. h3 O-O 14. O-O Nh5
15. Bh2 f5 16. Ng5 Bh6 17. f4 Nhf6 18. Ne6 Rf7 19. Bg3 Nf8 20. Nxf8 Rcxf8
1/2-1/2

[Event "DVM U20 2012"]
[Site "Osnabrück GER"]
[Date "2012.12.30"]
[Round "7"]
[White "Böhm, Malte"]
[Black "Böhning, Kilian"]
[Result "1/2-1/2"]
[Termination "normal"]
[Board "5.2"]
[WhiteElo "2011"]
[BlackElo "1893"]
[WhiteTeam "Schachfreunde Brackel 1930"]
[BlackTeam "Hagener SV"]
[WhiteFideId "1270629"]
[BlackFideId "1270499"]
[EventCountry "GER"]
[EventRounds "7"]
[EventType "team-swiss"]
[EventDate "2012.12.26"]

1. c4 e5 2. Nc3 g6 3. Nf3 Bg7 4. e3 d6 5. d4 Nc6 6. Be2 f5 7. dxe5 Nxe5 8. Qc2
Be6 9. b3 Ne7 10. Bb2 N7c6 11. O-O O-O 12. Nd5 Nxf3+ 13. Bxf3 Ne5 14. Be2 Rc8
15. Nf4 Bf7 16. Nd3 Re8 17. Nxe5 dxe5 18. Rad1 Qe7 19. Rd2 Red8 20. Rfd1 Bf6
21. Bf3 e4 22. Bxf6 Qxf6 23. Be2 c5 24. Rd7 Rxd7 25. Rxd7 Rd8 26. Rxd8+ Qxd8
27. Qc3 Qd6 28. g3 g5 29. Qc2 Qe5 30. Qd2 Kg7 31. Qd7 g4 32. Qxb7 Qa1+ 33. Bf1
Qxa2 34. Qc7 Qxb3 35. Qxc5 Kg6 1/2-1/2

[Event "DVM U20 2012"]
[Site "Osnabrück GER"]
[Date "2012.12.30"]
[Round "7"]
[White "Rieping, Heiner"]
[Black "Reisberg, Andre"]
[Result "1/2-1/2"]
[Termination "normal"]
[Board "5.3"]
[WhiteElo "1894"]
[BlackElo "1990"]
[WhiteTeam "Hagener SV"]
[BlackTeam "Schachfreunde Brackel 1930"]
[WhiteFideId "24647012"]
[BlackFideId "1270630"]
[EventCountry "GER"]
[EventRounds "7"]
[EventType "team-swiss"]
[EventDate "2012.12.26"]

1. e4 e6 2. d4 d5 3. exd5 exd5 4. Bd3 Bd6 5. Ne2 Ne7 6. Nbc3 Nbc6 7. O-O O-O 8.
Bf4 Nb4 9. Re1 Nxd3 10. Qxd3 Bxf4 11. Nxf4 c6 12. Re5 Ng6 13. Nxg6 hxg6 14.
Rae1 Bf5 15. Qd2 Qb6 16. Nd1 Be6 17. c3 Rae8 18. Qf4 Qd8 19. Kf1 Bf5 20. Qe3
Re6 21. Rxe6 Bxe6 22. f3 1/2-1/2

[Event "DVM U20 2012"]
[Site "Osnabrück GER"]
[Date "2012.12.30"]
[Round "7"]
[White "Schwiddessen, Jan"]
[Black "Bonacic, Jascha"]
[Result "1-0"]
[Termination "normal"]
[Board "5.4"]
[WhiteElo "1837"]
[BlackElo "1916"]
[WhiteTeam "Schachfreunde Brackel 1930"]
[BlackTeam "Hagener SV"]
[WhiteFideId "1270631"]
[BlackFideId "24647004"]
[EventCountry "GER"]
[EventRounds "7"]
[EventType "team-swiss"]
[EventDate "2012.12.26"]

1. e4 d5 2. exd5 Qxd5 3. Nc3 Qa5 4. Nf3 Nf6 5. Be2 Bg4 6. b4 Qb6 7. Rb1 e6 8.
a3 Be7 9. d3 c6 10. Be3 Qc7 11. Qc1 O-O 12. O-O Nbd7 13. h3 Bh5 14. Rb3 Rfc8
15. Nd4 Bxe2 16. Ndxe2 Nb6 17. Bf4 Bd6 18. Bxd6 Qxd6 19. Ne4 Nxe4 20. dxe4 Qe5
21. Qe3 Rd8 22. Rd3 Nc4 23. Rfd1 Qf6 24. Qxa7 h6 25. Qxb7 Rdb8 26. Qxc6 Nb2 27.
Rf3 Qe5 28. Rd7 Rc8 29. Qb7 Rab8 30. Qa7 Ra8 31. Qd4 Qxd4 32. Nxd4 e5 33. Nf5
Rxc2 34. Ne7+ Kh7 35. Rxf7 Nc4 36. Nd5 1-0

[Event "DVM U20 2012"]
[Site "Osnabrück GER"]
[Date "2012.12.30"]
[Round "7"]
[White "Beinke, Lukas"]
[Black "van Klev, Fabian"]
[Result "1/2-1/2"]
[Termination "normal"]
[Board "5.5"]
[WhiteElo "1844"]
[BlackElo "1788"]
[WhiteTeam "Hagener SV"]
[BlackTeam "Schachfreunde Brackel 1930"]
[WhiteFideId "12902535"]
[BlackFideId "12964255"]
[EventCountry "GER"]
[EventRounds "7"]
[EventType "team-swiss"]
[EventDate "2012.12.26"]

1. e4 c5 2. Nf3 Nc6 3. c4 Nf6 4. Nc3 e6 5. d4 cxd4 6. Nxd4 Bb4 7. Nxc6 bxc6 8.
e5 Ne4 9. Bd2 Nxd2 10. Qxd2 Qa5 11. f4 O-O 12. Bd3 f6 13. exf6 Rxf6 14. Rc1 d5
15. cxd5 exd5 16. a3 Bd6 17. O-O d4 18. Bc4+ Kh8 19. Rce1 Ba6 20. Ne4 Qxd2 21.
Nxd2 Bxc4 22. Nxc4 Bxf4 23. Rd1 c5 24. b4 cxb4 25. axb4 Rc8 26. Rfe1 Bd6 27.
Nxd6 Rxd6 28. Re4 Rcd8 29. Kf2 Kg8 30. Ke2 a6 1/2-1/2

[Event "DVM U20 2012"]
[Site "Osnabrück GER"]
[Date "2012.12.30"]
[Round "7"]
[White "Raschkowski, Alexander"]
[Black "Rau, Nikita"]
[Result "0-1"]
[Termination "normal"]
[Board "5.6"]
[WhiteElo "1727"]
[BlackElo "1840"]
[WhiteTeam "Schachfreunde Brackel 1930"]
[BlackTeam "Hagener SV"]
[WhiteFideId "12964263"]
[BlackFideId "12902543"]
[EventCountry "GER"]
[EventRounds "7"]
[EventType "team-swiss"]
[EventDate "2012.12.26"]

1. e4 c5 2. Nc3 d6 3. f4 g6 4. Nf3 Bg7 5. Bc4 e6 6. O-O Ne7 7. Kh1 Nbc6 8. Ne2
a6 9. a4 O-O 10. d3 Rb8 11. Qe1 b5 12. axb5 axb5 13. Bb3 b4 14. g4 Na5 15. Ng5
Nxb3 16. cxb3 f5 17. exf5 exf5 18. Ng3 Qd7 19. gxf5 Nxf5 20. Nxf5 Qxf5 21. Ra7
Bb7+ 22. Nf3 Rbe8 23. Qf2 Bd5 24. Be3 Qxd3 25. Qd2 0-1

[Event "DVM U20 2012"]
[Site "Osnabrück GER"]
[Date "2012.12.30"]
[Round "7"]
[White "Borgmeyer, Max"]
[Black "Peng, Xiang-Tobias"]
[Result "1-0"]
[Termination "normal"]
[Board "6.1"]
[WhiteElo "2111"]
[BlackElo "1802"]
[WhiteTeam "Königsspringer Hamburg"]
[BlackTeam "Heilbronner SV"]
[WhiteFideId "24615870"]
[BlackFideId "12964328"]
[EventCountry "GER"]
[EventRounds "7"]
[EventType "team-swiss"]
[EventDate "2012.12.26"]

1. e4 e5 2. Nf3 Nc6 3. d4 exd4 4. Nxd4 Nf6 5. Nxc6 bxc6 6. e5 Qe7 7. Qe2 Nd5 8.
c4 Ba6 9. b3 g5 10. Qe4 Nb4 11. a3 d5 12. Qe2 Rb8 13. axb4 Qxb4+ 14. Nd2 Bxc4
15. bxc4 Qc3 16. cxd5 Qxa1 17. Qc4 Qxe5+ 18. Be2 Qxd5 19. Qc3 Rg8 20. O-O Bb4
21. Qe3+ Qe6 22. Qxa7 Rd8 23. Bc4 Qe5 24. Nf3 Qc5 25. Qa2 Qf5 26. Qa4 Bd6 27.
Qxc6+ Kf8 28. Bb2 Rg6 29. Qa4 Rh6 30. Qa1 Kg8 31. Bh8 Bf8 32. Ne5 Rd7 33. Nxd7
Qxd7 34. Rd1 Qf5 35. Rd8 Qc5 36. Qg7# 1-0

[Event "DVM U20 2012"]
[Site "Osnabrück GER"]
[Date "2012.12.30"]
[Round "7"]
[White "Biefel, Christian"]
[Black "Stanau, Guido"]
[Result "0-1"]
[Termination "normal"]
[Board "6.2"]
[WhiteElo "1689"]
[BlackElo "2078"]
[WhiteTeam "Heilbronner SV"]
[BlackTeam "Königsspringer Hamburg"]
[WhiteFideId "24692646"]
[BlackFideId "24692255"]
[EventCountry "GER"]
[EventRounds "7"]
[EventType "team-swiss"]
[EventDate "2012.12.26"]

1. c4 e5 2. Nc3 Nc6 3. g3 g6 4. Bg2 Bg7 5. e3 d6 6. Nge2 f5 7. O-O Nf6 8. d4
O-O 9. Qb3 Kh8 10. Nd5 exd4 11. Nxf6 Bxf6 12. Bxc6 bxc6 13. Nxd4 Bd7 14. Rb1
Rb8 15. Qd3 c5 16. Ne2 Bc6 17. f3 Qe7 18. Nc3 Qg7 19. Bd2 h5 20. b3 h4 21. Nd5
Bxd5 22. Qxd5 Qd7 23. Rbc1 Rbe8 24. Qd3 Kg8 25. g4 c6 26. b4 Qe6 27. bxc5 dxc5
28. gxf5 gxf5 29. Kf2 h3 30. Bc3 Bh4+ 31. Ke2 Kf7 32. Rg1 Rd8 33. Rb1 Rxd3 34.
Rg7+ Ke8 35. Kxd3 Qd6+ 36. Kc2 Qxh2+ 37. Kb3 Qb8+ 0-1

[Event "DVM U20 2012"]
[Site "Osnabrück GER"]
[Date "2012.12.30"]
[Round "7"]
[White "Lock, Adrian"]
[Black "Mikeler, Marcel"]
[Result "1-0"]
[Termination "normal"]
[Board "6.3"]
[WhiteElo "2052"]
[BlackElo "1712"]
[WhiteTeam "Königsspringer Hamburg"]
[BlackTeam "Heilbronner SV"]
[WhiteFideId "24651290"]
[BlackFideId "12927856"]
[EventCountry "GER"]
[EventRounds "7"]
[EventType "team-swiss"]
[EventDate "2012.12.26"]

1. e4 e5 2. Nf3 Nc6 3. Bc4 Bc5 4. d3 d6 5. c3 Nf6 6. Bb3 O-O 7. Nbd2 Be6 8. Nf1
d5 9. Qe2 Re8 10. Ng3 Qd7 11. O-O Rad8 12. Bg5 dxe4 13. dxe4 Bxb3 14. axb3 Qe6
15. b4 Bb6 16. Rfd1 Ne7 17. h3 Ng6 18. Rxd8 Rxd8 19. Rd1 Rxd1+ 20. Qxd1 c6 21.
Bxf6 gxf6 22. b3 Ne7 23. Nh4 Qc8 24. Nh5 Qe6 25. c4 Ng6 26. Nf5 Bc7 27. g3 Kf8
28. Kg2 Ne7 29. Nhg7 Qc8 30. Qh5 Nxf5 31. Nxf5 Ke8 32. Qxh7 1-0

[Event "DVM U20 2012"]
[Site "Osnabrück GER"]
[Date "2012.12.30"]
[Round "7"]
[White "Thren, Christian"]
[Black "Raider, Eugen"]
[Result "0-1"]
[Termination "normal"]
[Board "6.4"]
[WhiteElo "1530"]
[BlackElo "1890"]
[WhiteTeam "Heilbronner SV"]
[BlackTeam "Königsspringer Hamburg"]
[WhiteFideId "12964344"]
[BlackFideId "24657352"]
[EventCountry "GER"]
[EventRounds "7"]
[EventType "team-swiss"]
[EventDate "2012.12.26"]

1. c4 c5 2. Nc3 g6 3. g3 Bg7 4. Bg2 Nc6 5. Nf3 a6 6. a3 Rb8 7. d3 e5 8. O-O
Nge7 9. e4 O-O 10. b3 f5 11. Bb2 d6 12. Nd2 f4 13. g4 f3 14. Bxf3 Nd4 15. Bg2
Bh6 16. Bc1 Ne6 17. Nf3 Bxc1 18. Rxc1 Nf4 19. h3 h5 20. Nh2 hxg4 21. Nxg4 Kg7
22. Ne2 Bxg4 23. hxg4 Nc6 24. Rb1 Qh4 25. f3 Nd4 26. Nxf4 Rxf4 27. Qe1 Qh6 28.
Qa5 Rh8 29. Rb2 Qh2+ 30. Kf2 Rxf3+ 31. Ke1 Rxf1+ 32. Kxf1 Rf8+ 33. Ke1 Qg1+ 34.
Kd2 Rf2+ 35. Ke3 Rc2# 0-1

[Event "DVM U20 2012"]
[Site "Osnabrück GER"]
[Date "2012.12.30"]
[Round "7"]
[White "Pfreundt, Jakob"]
[Black "Wenninger, Patrick"]
[Result "0-1"]
[Termination "normal"]
[Board "6.5"]
[WhiteElo "1871"]
[BlackElo "1650"]
[WhiteTeam "Königsspringer Hamburg"]
[BlackTeam "Heilbronner SV"]
[WhiteFideId "12918156"]
[BlackFideId "12927880"]
[EventCountry "GER"]
[EventRounds "7"]
[EventType "team-swiss"]
[EventDate "2012.12.26"]

1. e4 c6 2. d4 d5 3. e5 Bf5 4. Nd2 e6 5. Nb3 Nd7 6. Nf3 Ne7 7. Be3 Nc8 8. Be2
Be7 9. O-O O-O 10. Re1 Qc7 11. Bf4 c5 12. dxc5 Nxc5 13. Nbd4 Bg6 14. c4 Nb6 15.
b4 Ne4 16. c5 Nd7 17. Qb3 a6 18. Rac1 Rfc8 19. Qe3 Nb8 20. Bd3 Nc6 21. a3 Qd7
22. Nb3 f6 23. exf6 gxf6 24. Bxe4 Bxe4 25. Rcd1 Rd8 26. Nfd2 Bc2 27. Rc1 Bxb3
28. Nxb3 e5 29. Bh6 Kh8 30. f4 d4 31. Qf3 Rg8 32. f5 Bf8 33. Bd2 Re8 34. Re4
Re7 35. g3 Qd5 36. Qd3 Reg7 37. Rce1 Rg4 38. Bc1 Ne7 39. Rxg4 Rxg4 40. Nd2 Bh6
41. Qe2 Be3+ 0-1

[Event "DVM U20 2012"]
[Site "Osnabrück GER"]
[Date "2012.12.30"]
[Round "7"]
[White "Ignatov, Dmitriy"]
[Black "Akram, Shumon"]
[Result "0-1"]
[Termination "normal"]
[Board "6.6"]
[WhiteElo "1447"]
[BlackElo "1825"]
[WhiteTeam "Heilbronner SV"]
[BlackTeam "Königsspringer Hamburg"]
[WhiteFideId "12927872"]
[BlackFideId "24697184"]
[EventCountry "GER"]
[EventRounds "7"]
[EventType "team-swiss"]
[EventDate "2012.12.26"]

1. e4 e5 2. f4 Bc5 3. Nf3 d6 4. Bc4 Nf6 5. Nc3 Nc6 6. d3 Bg4 7. Na4 O-O 8. Nxc5
dxc5 9. O-O Nh5 10. Bd2 Nxf4 11. Bxf4 exf4 12. Qd2 Bxf3 13. Rxf3 Ne5 14. Rf2
Nxc4 15. dxc4 Qxd2 16. Rxd2 Rfe8 17. Rad1 g6 18. Rd7 Rac8 19. Kf2 Rxe4 20. Rd8+
Re8 21. Rxe8+ Rxe8 22. Rd7 Rc8 23. Kf3 Kg7 24. Kxf4 Kf6 25. h3 b6 26. c3 Ke6
27. Rd5 f6 28. Rd2 Re8 29. Re2+ Kf7 30. Rd2 Re7 31. g4 g5+ 32. Kf3 Kg6 33. Rd5
h5 34. a3 a5 35. Rd2 hxg4+ 36. hxg4 f5 37. gxf5+ Kxf5 38. Rd5+ Kf6 39. Kg4 Re2
40. Rf5+ Ke6 41. Rxg5 Rxb2 42. Rg6+ Kd7 43. Kf4 Rb3 44. Ke5 Rxc3 45. Kd5 Rd3+
46. Ke4 Rxa3 47. Kd5 Rd3+ 0-1

[Event "DVM U20 2012"]
[Site "Osnabrück GER"]
[Date "2012.12.30"]
[Round "7"]
[White "Osterloh, Felix"]
[Black "Sivakumaran, Ramash"]
[Result "0-1"]
[Termination "normal"]
[Board "7.2"]
[WhiteElo "1760"]
[BlackElo "1875"]
[WhiteTeam "SV Schott Jena"]
[BlackTeam "SV Empor Berlin"]
[WhiteFideId "24615935"]
[BlackFideId "9909524"]
[EventCountry "GER"]
[EventRounds "7"]
[EventType "team-swiss"]
[EventDate "2012.12.26"]

1. e4 c5 2. Nf3 d6 3. d3 Nc6 4. g3 g6 5. Bg2 Bg7 6. O-O e6 7. c3 Nge7 8. Qe2
O-O 9. Rd1 Qc7 10. Nbd2 b5 11. Nf1 b4 12. d4 bxc3 13. bxc3 d5 14. e5 Rb8 15.
Ne3 Qa5 16. Qd2 Ba6 17. Ng4 Kh8 18. Nf6 Bxf6 19. exf6 Ng8 20. Qg5 Qxc3 21. Bd2
Qa3 22. Qh4 Nxd4 23. Ng5 Nxf6 24. Bf4 Ne2+ 25. Kh1 Nxf4 26. Qxf4 Kg7 27. Qe5
Qb2 28. Qc7 Kg8 29. Qxc5 h6 30. Nf3 Be2 31. Rdb1 Qxb1+ 32. Rxb1 Rxb1+ 33. Ng1
Rfb8 34. h3 a6 35. Kh2 Bc4 36. a3 Bf1 37. Nf3 Bxg2 38. Kxg2 R1b2 39. Qa7 Ne4
40. Kg1 Rb1+ 41. Kg2 R8b2 0-1

[Event "DVM U20 2012"]
[Site "Osnabrück GER"]
[Date "2012.12.30"]
[Round "7"]
[White "Salz, Matthias"]
[Black "Seifert, Michael"]
[Result "1/2-1/2"]
[Termination "normal"]
[Board "7.3"]
[WhiteElo "1672"]
[BlackElo "1723"]
[WhiteTeam "SV Empor Berlin"]
[BlackTeam "SV Schott Jena"]
[WhiteFideId "12943312"]
[BlackFideId "12964301"]
[EventCountry "GER"]
[EventRounds "7"]
[EventType "team-swiss"]
[EventDate "2012.12.26"]

1. c4 Nf6 2. g3 g6 3. Bg2 Bg7 4. Nc3 O-O 5. e4 e5 6. Nge2 d6 7. d3 Nc6 8. O-O
Rb8 9. h3 a6 10. Be3 Bd7 11. Qd2 b5 12. b3 Ne7 13. d4 exd4 14. Nxd4 bxc4 15.
bxc4 Qc8 16. Kh2 Nc6 17. Rac1 Re8 18. Rfd1 Nxd4 19. Bxd4 Bc6 20. f3 Rb7 21. Nd5
Nxd5 22. cxd5 Bb5 23. Bxg7 Kxg7 24. Rc2 Qd7 25. Rdc1 Ba4 1/2-1/2

[Event "DVM U20 2012"]
[Site "Osnabrück GER"]
[Date "2012.12.30"]
[Round "7"]
[White "Köhler, Daniel"]
[Black "Scheinhütte, Jakob"]
[Result "1/2-1/2"]
[Termination "normal"]
[Board "7.6"]
[WhiteElo "1564"]
[BlackElo "1659"]
[WhiteTeam "SV Schott Jena"]
[BlackTeam "SV Empor Berlin"]
[BlackFideId "24693944"]
[EventCountry "GER"]
[EventRounds "7"]
[EventType "team-swiss"]
[EventDate "2012.12.26"]

1. e4 e6 2. d4 d5 3. exd5 exd5 4. Nf3 Bd6 5. c4 Nf6 6. Nc3 c6 7. Be2 O-O 8. O-O
dxc4 9. Bxc4 h6 10. h3 Bf5 11. Re1 Nbd7 12. Bd2 Nb6 13. Bb3 Re8 14. Rxe8+ Qxe8
15. Nh4 Bh7 16. Qf3 Qd8 17. Nf5 Bf8 18. Be3 Nfd5 19. Qg4 Kh8 20. Ng3 Qf6 21.
Nxd5 Nxd5 22. Bxd5 cxd5 23. Qd7 Bd6 24. Qxb7 Rb8 25. Qxd5 Bxg3 26. fxg3 Rxb2
27. Rf1 Qe7 28. Qe5 Qxe5 29. dxe5 Rxa2 30. Rxf7 Be4 31. Bf2 Re2 32. Rxa7 Bg6
33. Re7 Kg8 34. e6 Bf5 35. Re8+ Kh7 36. e7 Bg6 1/2-1/2

[Event "DVM U20 2012"]
[Site "Osnabrück GER"]
[Date "2012.12.30"]
[Round "7"]
[White "Arndt, Dominik"]
[Black "Grunau, Christoph"]
[Result "1/2-1/2"]
[Termination "normal"]
[Board "8.1"]
[WhiteElo "1937"]
[BlackElo "1961"]
[WhiteTeam "SC Vaterstetten"]
[BlackTeam "SC Heitersheim"]
[WhiteFideId "24664090"]
[BlackFideId "12929760"]
[EventCountry "GER"]
[EventRounds "7"]
[EventType "team-swiss"]
[EventDate "2012.12.26"]

1. Nf3 Nf6 2. g3 c5 3. Bg2 Nc6 4. O-O g6 5. d3 Bg7 6. e4 d6 7. Nbd2 O-O 8. Re1
e5 9. Nf1 h6 10. h3 Be6 11. c3 Qd7 12. Kh2 d5 13. Qc2 Rad8 14. Bd2 dxe4 15.
dxe4 Bc4 16. Be3 Bd3 17. Qa4 b5 18. Qa6 c4 19. N1d2 Rb8 20. Rad1 Rfd8 21. Bc5
1/2-1/2

[Event "DVM U20 2012"]
[Site "Osnabrück GER"]
[Date "2012.12.30"]
[Round "7"]
[White "Winter, Philipp"]
[Black "Borchert, Finn"]
[Result "1/2-1/2"]
[Termination "normal"]
[Board "8.2"]
[WhiteElo "1917"]
[BlackElo "1901"]
[WhiteTeam "SC Heitersheim"]
[BlackTeam "SC Vaterstetten"]
[WhiteFideId "1270635"]
[BlackFideId "4620720"]
[EventCountry "GER"]
[EventRounds "7"]
[EventType "team-swiss"]
[EventDate "2012.12.26"]

1. d4 Nf6 2. Nf3 g6 3. c4 Bg7 4. Nc3 O-O 5. g3 d6 6. Bg2 Nbd7 7. e4 e5 8. d5
Nc5 9. Qe2 a5 10. O-O Bd7 11. Ne1 Qe7 12. Nd3 Nxd3 13. Qxd3 Nh5 14. Bd2 f5 15.
f3 f4 16. g4 Nf6 17. h3 g5 18. Nb5 Bc8 19. a3 a4 20. Rac1 b6 1/2-1/2

[Event "DVM U20 2012"]
[Site "Osnabrück GER"]
[Date "2012.12.30"]
[Round "7"]
[White "Nitsche-Hahn, Maxim"]
[Black "Wendering, Leonard"]
[Result "1/2-1/2"]
[Termination "normal"]
[Board "8.3"]
[WhiteElo "1861"]
[BlackElo "2009"]
[WhiteTeam "SC Vaterstetten"]
[BlackTeam "SC Heitersheim"]
[WhiteFideId "4613090"]
[BlackFideId "1270637"]
[EventCountry "GER"]
[EventRounds "7"]
[EventType "team-swiss"]
[EventDate "2012.12.26"]

1. d4 Nf6 2. Nf3 g6 3. e3 c5 4. b3 cxd4 5. exd4 Bg7 6. Bb2 d5 7. Be2 O-O 8. O-O
Nc6 9. Nbd2 Bf5 10. Ne5 Nxe5 11. dxe5 Nd7 12. Nf3 e6 13. Ba3 Re8 14. Bd6 Bf8
15. Bxf8 Rxf8 16. c4 dxc4 17. Bxc4 Nb6 18. Be2 Be4 19. Rc1 Bd5 20. Qd2 Qd7
1/2-1/2

[Event "DVM U20 2012"]
[Site "Osnabrück GER"]
[Date "2012.12.30"]
[Round "7"]
[White "Boes, Julian"]
[Black "Heimbächer, Moritz"]
[Result "1/2-1/2"]
[Termination "normal"]
[Board "8.4"]
[WhiteElo "1779"]
[BlackElo "1807"]
[WhiteTeam "SC Heitersheim"]
[BlackTeam "SC Vaterstetten"]
[WhiteFideId "12907723"]
[BlackFideId "1270962"]
[EventCountry "GER"]
[EventRounds "7"]
[EventType "team-swiss"]
[EventDate "2012.12.26"]

1. e4 c6 2. d4 d5 3. exd5 cxd5 4. Bd3 Nf6 5. c3 e6 6. Bf4 Bd6 7. Bxd6 Qxd6 8.
Nf3 b6 9. O-O O-O 10. Nbd2 Ba6 11. Bxa6 Nxa6 12. Ne5 Nc7 13. f4 Nd7 14. Qe2
Rae8 15. Rae1 f6 16. Nd3 f5 17. Ne5 Nf6 18. Rf3 Qe7 19. Rh3 g6 20. Kh1 Qg7 21.
Ndf3 Nh5 22. Rh4 Nf6 23. Rg1 Ne4 24. g4 Qe7 25. gxf5 exf5 26. Qg2 Rf6 27. Ng5
1/2-1/2

[Event "DVM U20 2012"]
[Site "Osnabrück GER"]
[Date "2012.12.30"]
[Round "7"]
[White "Süß, Christian"]
[Black "Schopferer, Markus"]
[Result "0-1"]
[Termination "normal"]
[Board "8.5"]
[WhiteElo "1460"]
[BlackElo "1606"]
[WhiteTeam "SC Vaterstetten"]
[BlackTeam "SC Heitersheim"]
[WhiteFideId "12964280"]
[BlackFideId "1270636"]
[EventCountry "GER"]
[EventRounds "7"]
[EventType "team-swiss"]
[EventDate "2012.12.26"]

1. d4 b6 2. e4 Bb7 3. d5 e6 4. Nc3 exd5 5. Nxd5 Nf6 6. f3 Nxd5 7. exd5 Bc5 8.
Bc4 Qh4+ 9. g3 Qxc4 10. Bf4 O-O 11. Qe2 Qxe2+ 12. Nxe2 Bxd5 13. Rf1 Re8 14. b3
Bb4+ 15. Kd1 c6 16. c3 Bc5 17. b4 Rxe2 18. bxc5 Re6 19. cxb6 axb6 20. Kd2 Na6
21. a4 Nc5 22. Bc7 Nb3+ 23. Kd3 Nxa1 24. Rxa1 c5 25. f4 f5 26. Rb1 Be4+ 0-1

[Event "DVM U20 2012"]
[Site "Osnabrück GER"]
[Date "2012.12.30"]
[Round "7"]
[White "Groß, Dennis"]
[Black "Galensowske, Nikolas"]
[Result "1/2-1/2"]
[Termination "normal"]
[Board "8.6"]
[WhiteElo "1516"]
[BlackElo "1439"]
[WhiteTeam "SC Heitersheim"]
[BlackTeam "SC Vaterstetten"]
[WhiteFideId "1270638"]
[BlackFideId "12964298"]
[EventCountry "GER"]
[EventRounds "7"]
[EventType "team-swiss"]
[EventDate "2012.12.26"]

1. d4 d5 2. Bf4 Nc6 3. Nf3 Nf6 4. e3 Bg4 5. c3 e6 6. Bd3 Bd6 7. Nbd2 Bxf4 8.
exf4 O-O 9. Qc2 Bxf3 10. Nxf3 h6 11. O-O Re8 12. Ne5 Re7 13. Rfe1 Qd6 14. Re2
Rae8 15. g3 Nd7 16. Rae1 a6 17. Kg2 Rd8 18. Rb1 Rb8 19. Ra1 b5 20. b4 Nb6
1/2-1/2